000 00320nam a2200133Ia 4500
008 191201s2010 xx 000 0 und d
100 _aCHAKRABARTI, A
245 0 _aCircuit Theory
250 _aRep
260 _c2010
_bDhanpat Rai Pubns (P) Ltd
_aNew Delhi
300 _a1680
650 _aECE 3RD SEM
942 _2ddc
_cBB
999 _c7730
_d7730